[Event "Gausdal Classics GMB"]
[Site "Gausdal NOR"]
[Date "2008.04.15"]
[Round "8"]
[White "Cox,JohnJ"]
[Black "Lindberg,Be"]
[Result "1-0"]
[WhiteElo "2380"]
[BlackElo "2442"]

1.Nf3 Nf6 2.c4 c5 3.g3 b6 4.Bg2 Bb7 5.O-O e6 6.b3 Be7 7.Bb2 O-O 8.e3 d6 9.d4 Qc7
10.Nc3 a6 11.Qe2 Nbd7 12.Rfd1 Rfe8 13.Rac1 Rad8 14.Ne1 cxd4 15.Rxd4 Ne5 16.f4 Nc6
17.Rd2 Qb8 18.Rcd1 Na5 19.Nc2 Bxg2 20.Kxg2 Rc8 21.Nd4 Qa8+ 22.Qf3 d5 23.cxd5 Bb4
24.e4 Bxc3 25.Bxc3 Rxc3 26.Qxc3 Nxe4 27.Qf3 Nxd2 28.Rxd2 Qxd5 29.Qxd5 exd5
30.Kf3 Rd8 31.Rc2 Kf8 32.Rc7 g6 33.Ra7 Rc8 34.Rxa6 Nc6 35.Nb5 Nb4 36.Ra4 Nc2
37.Ke2 Re8+ 38.Kd2 Ne3 39.Nc7 Nf1+ 40.Kd1 Ne3+ 41.Ke2 Re7 42.Ra8+ Kg7 43.Ne8+ Kh6
44.Kd3 f5 45.Rb8 Ng4 46.h3 Nf2+ 47.Kd4 Nxh3 48.Nf6 Re2 49.a4 Rd2+ 50.Ke5 Rd3
51.Rb7 g5 52.Kxf5  1-0

[Event "Mediana"]
[Site "Nis SRB"]
[Date "2008.04.15"]
[Round "5"]
[White "Bogosavljevic,B"]
[Black "Solomunovic,I"]
[Result "1/2-1/2"]
[WhiteElo "2492"]
[BlackElo "2442"]

1.Nf3 Nf6 2.c4 c5 3.g3 b6 4.Bg2 Bb7 5.O-O e6 6.Nc3 Be7 7.Re1 d5 8.cxd5 exd5
9.d4 O-O 10.Bf4 Nbd7 11.Rc1 a6 12.dxc5 bxc5 13.Nh4 Nb6 14.Nf5 Re8 15.e4 d4
16.Nd5 Nbxd5 17.exd5 Bxd5 18.Bxd5 Nxd5 19.Qf3 Ra7 20.Bd6 Bxd6 21.Rxe8+ Qxe8
22.Nxd6 Qe6 23.Rxc5 Ne7 24.Nf5 Nxf5 25.Qxf5 Qxf5 26.Rxf5 Rd7 27.Kf1 d3 28.Rc5 f6
29.Ke1 Re7+ 30.Kd2 Re2+ 31.Kxd3 Rxb2 32.Rc2 Rb5 33.Kc4 Kf7 34.a4 Rb1 35.h4 a5
36.Kd5 h5 37.Rc5 Rb2 38.Rxa5 Rxf2 39.Ke4 Kg6 40.Ra7 Kh6 41.a5 Ra2 42.a6 Ra3
43.Ra8 Kg6 44.Ra7 Rxg3 45.Rc7 Rg4+ 46.Kd5 Rxh4 47.Rc4 Rh1 48.Ra4 Rd1+ 49.Ke6 Rd8
50.a7 Ra8 51.Ra1 h4 52.Rg1+ Kh6 53.Ra1 h3 54.Kf5 Kh5 55.Ra3 Kh4 56.Ra4+ Kg3
57.Rg4+ Kf3 58.Rxg7 h2 59.Rh7 Kg2 60.Rg7+ Kf2 61.Rh7  1/2-1/2

[Event "Copenhagen Chess Challenge"]
[Site "Ballerup DEN"]
[Date "2008.04.20"]
[Round "9"]
[White "Grandelius,N"]
[Black "De Verdier,M"]
[Result "1-0"]
[WhiteElo "2388"]
[BlackElo "2225"]

1.Nf3 Nf6 2.g3 b6 3.Bg2 Bb7 4.O-O e6 5.c4 c5 6.Nc3 Be7 7.Re1 d5 8.cxd5 Nxd5
9.d4 Nxc3 10.bxc3 Be4 11.Ne5 Bxg2 12.Kxg2 O-O 13.e4 Bf6 14.Nf3 Nc6 15.Be3 cxd4
16.cxd4 Qd7 17.Qa4 Rfd8 18.Rac1 Rac8 19.Red1 Qb7 20.d5 exd5 21.Rxd5 Re8 22.Rd6 Ne5
23.Nxe5 Rxe5 24.Rd7 Qb8 25.Rxc8+ Qxc8 26.Rxa7 Re8 27.Qb3 Rxe4  1-0

[Event "IX EICC"]
[Site "Plovdiv BUL"]
[Date "2008.04.22"]
[Round "2"]
[White "Braun,A"]
[Black "Sokolov,And1"]
[Result "0-1"]
[WhiteElo "2529"]
[BlackElo "2596"]

1.Nf3 Nf6 2.c4 b6 3.g3 c5 4.Bg2 Bb7 5.O-O e6 6.Nc3 Be7 7.d4 cxd4 8.Qxd4 d6
9.Rd1 a6 10.b3 Nbd7 11.Bb2 O-O 12.Qe3 Qc7 13.Rac1 Rfe8 14.h3 Rac8 15.g4 h6
16.Qf4 Nc5 17.h4 e5 18.Qg3 Nce4 19.Nxe4 Nxe4 20.Qh3 b5 21.c5 dxc5 22.g5 c4
23.Bxe5 Qb6 24.Bd4 Bc5 25.gxh6 Bxd4 26.Nxd4 Qxh6 27.bxc4 bxc4 28.e3 Qf6 29.Rc2 Rc5
30.Qd7 Re7 31.Qd8+ Kh7 32.Nf3 Rf5 33.Rd7 Rxd7 34.Qxd7 Nc5 35.Qd4 Bxf3 36.Bxf3 Rxf3
37.Qxc5 Qg6+ 38.Kh2 Qxc2 39.Qh5+ Kg8 40.Qxf3 c3 41.e4 Qd2 42.Qf5 c2 43.Qc8+ Kh7
44.Qf5+ Kh6  0-1

[Event "IX EICC"]
[Site "Plovdiv BUL"]
[Date "2008.04.25"]
[Round "5"]
[White "Drasko,M"]
[Black "Popovic,Milo2"]
[Result "0-1"]
[WhiteElo "2536"]
[BlackElo "2387"]

1.Nf3 Nf6 2.g3 b6 3.Bg2 Bb7 4.c4 c5 5.O-O e6 6.Nc3 Be7 7.d4 cxd4 8.Qxd4 d6
9.Bg5 a6 10.Rfd1 Nbd7 11.Qd2 O-O 12.Bf4 Ne8 13.Rac1 Rc8 14.b3 Nc5 15.Ne1 Bxg2
16.Nxg2 Rc6 17.f3 Qa8 18.g4 Qb7 19.Ne3 Nd7 20.a4 Ne5 21.Bg3 Ng6 22.Nc2 Rc8
23.Qe3 Kh8 24.Bf2 Bd8 25.Nb4 a5 26.Nd3 Qe7 27.Nb5 f5 28.gxf5 Rxf5 29.Nd4 Rg5+
30.Kh1 e5 31.Nb5 Rh5 32.Bg3 Qe6 33.Qe4 Nf6 34.Qb7 Be7 35.Nf2 Rf8 36.Qxb6 Nf4
37.Qe3 Nh3 38.Ne4 Nxe4 39.Qxe4 Qh6 40.Kg2 Nf4+ 41.Kf1 Rxh2 42.Bxf4 Rxf4  0-1

[Event "IX EICC"]
[Site "Plovdiv BUL"]
[Date "2008.04.30"]
[Round "9"]
[White "Moor,R"]
[Black "Kourousis,E"]
[Result "1/2-1/2"]
[WhiteElo "2378"]
[BlackElo "2191"]

1.Nf3 Nf6 2.g3 c5 3.c4 b6 4.Bg2 Bb7 5.O-O e6 6.Nc3 Be7 7.Re1 d5 8.cxd5 Nxd5
9.e4 Nxc3 10.bxc3 O-O 11.d4 Nc6 12.d5 Na5 13.Bf4 exd5 14.exd5 Bf6 15.Ne5 Bxe5
16.Bxe5 Qd7 17.Qd3 Rad8 18.Rad1 Rfe8 19.Bf4 h6 20.h4 Qa4 21.Bc7 Rxe1+ 22.Rxe1 Re8
23.Rxe8+ Qxe8 24.d6 Bc8 25.Be4 Bd7 26.Kg2 Nc6 27.Bh7+ Kf8 28.Be4 Qe6 29.Bd5 Qh3+
30.Kg1 Ne5 31.Qe4 Qf5 32.Qxf5 Bxf5 33.f4 Nd7 34.a4 Nf6 35.Bb7 Bd7 36.a5 bxa5
37.Bxa5 Ke8 38.Kf2 Bb5 39.Bc7 Kd7 40.Ke3 Bc6 41.Ba6 Nd5+ 42.Kd3 Nxc7 43.dxc7 Kxc7
44.Bc4 f6 45.Bf7 Kd6 46.c4 a5 47.Kc3 g5 48.Kb3 Bd7 49.Bg6 Kc6 50.Be4+ Kb6
51.Ka3 Bg4 52.Bd3 gxf4 53.gxf4 Bd1 54.Bf1 Kc6 55.Bd3 Kd6 56.Kb2 Ke6 57.Ka3 Kf7
58.Kb2 Ke7 59.Ka3 Ke6 60.Kb2 Bg4 61.Ka3 Bf5 62.Be2 Bc2 63.Bg4+ Kf7 64.Kb2 Bd3
65.Kc3 Bf1 66.Bf5 a4 67.Bb1 Ke6 68.Be4 Kd6 69.Bb1 Ke6  1/2-1/2

[Event "11th IHEM"]
[Site "Hamburg GER"]
[Date "2008.05.11"]
[Round "2"]
[White "Pajeken,W"]
[Black "Rogozenko,I"]
[Result "0-1"]
[WhiteElo "2345"]
[BlackElo "2072"]

1.Nf3 Nf6 2.c4 c5 3.g3 b6 4.Bg2 Bb7 5.O-O e6 6.Nc3 a6 7.Re1 d6 8.e4 Nbd7
9.d4 cxd4 10.Nxd4 Qc7 11.Be3 Rc8 12.Rc1 Qb8 13.b3 Nc5 14.Nd5 Ncd7 15.Bg5 exd5
16.exd5+ Kd8 17.Nc6+ Bxc6 18.dxc6 Nc5 19.b4 Ne6 20.Bxf6+ gxf6 21.Qa4 Qa7
22.Bh3 Qa8 23.Bg2 Kc7 24.c5 Qa7 25.cxb6+ Qxb6 26.Qb3 Re8 27.a4 a5 28.b5 h5
29.Bh3 Bh6 30.Rcd1 Ng5 31.Bg2 h4 32.Qd5 Rxe1+ 33.Rxe1 Ne6 34.Qh5 Kb8 35.Qxf7 Nc7
36.Qg6 hxg3 37.hxg3 Bd2 38.Rd1 Bb4 39.Qxf6 Re8 40.Bf3 Ka7 41.Kg2 Bc5 42.Rd2 Qb8
43.Re2 Rf8 44.b6+ Bxb6 45.Qxd6 Rd8 46.Qf4 Rd3 47.g4 Qd8 48.Re5 Rd2 49.Re2 Rd3
50.Re5 Rd2 51.Re2 Rd1 52.Re5 Ra1 53.g5 Qd3 54.Be2 Qb1 55.Qh2 Qe1 56.Kf3 Qc3+
57.Kg4 Qxc6 58.Bf3 Rxa4+ 59.Kg3 Qc2 60.Re2 Qf5 61.Qh5 Ne6 62.g6 Bc7+  0-1

[Event "11th IHEM"]
[Site "Hamburg GER"]
[Date "2008.05.13"]
[Round "4"]
[White "Dalakian,H"]
[Black "Zierke,O"]
[Result "1/2-1/2"]
[WhiteElo "2043"]
[BlackElo "2313"]

1.Nf3 c5 2.c4 Nf6 3.g3 b6 4.Bg2 Bb7 5.O-O e6 6.Nc3 d6 7.Re1 Be7 8.e4 a6 9.d4 cxd4
10.Nxd4 Qc7 11.b3 O-O 12.Bb2 Nbd7 13.Qd2 Rad8 14.Rad1 Rfe8 15.h3 Bf8 16.g4 Ne5
17.Nde2 Qb8 18.Ng3 Ng6 19.g5 Nd7 20.Bh1 Bc6 21.Nce2 b5 22.Nd4 Ba8 23.cxb5 axb5
24.Rc1 Qb6 25.Bc3 Rc8 26.Nf3 Nde5 27.Bd4 Qb8 28.Nxe5 dxe5 29.Be3 Red8 30.Rxc8 Rxc8
31.Rc1 Bc6 32.Bc5 Qa8 33.Bxf8 Rxf8 34.Qd6 Rc8 35.Rc2 Be8 36.Rxc8 Qxc8 37.Qd2 Qb8
38.b4 Nf4 39.Kh2 Qb6 40.Bf3 Kf8 41.Nf1 Ke7 42.Kg3 Bc6 43.Qc3 f6 44.Nd2 fxg5
45.Qxe5 Qxf2+ 46.Kxf2 Nd3+ 47.Ke3 Nxe5 48.Be2 Ng6 49.Nb3 e5 50.Nc5 Nf4 51.Bf1 Kd6
52.a3 h6 53.Kf2 Be8 54.Ke3 Kc6 55.Kf2 Bf7 56.a4 Bc4 57.axb5+ Bxb5 58.Bxb5+ Kxb5
59.Nd7 Ng6 60.Nc5 Kxb4 61.Ne6 Nf4 62.Nxg7 Nxh3+ 63.Kg3 Nf4 64.Kg4 Kc4 65.Nf5 Kd3
66.Nxh6 Kxe4 67.Kxg5 Kf3 68.Kf5 e4 69.Ng4 Nd3 70.Nh2+ Ke3 71.Nf1+ Kd4 72.Ng3 e3
73.Ne2+ Kd5 74.Nc3+ Kd4 75.Ne2+ Kd5 76.Nc3+ Kc4 77.Ke4  1/2-1/2

[Event "Mayors Cup Open"]
[Site "Mumbai IND"]
[Date "2008.05.14"]
[Round "5"]
[White "Gokhale,C"]
[Black "Kunte,A"]
[Result "0-1"]
[WhiteElo "2321"]
[BlackElo "2547"]

1.Nf3 c5 2.c4 Nf6 3.g3 b6 4.Bg2 Bb7 5.O-O e6 6.Nc3 Be7 7.b3 O-O 8.Bb2 Nc6
9.d4 Nxd4 10.Nxd4 Bxg2 11.Kxg2 cxd4 12.Qxd4 Qc7 13.Kg1 Rfd8 14.Rac1 Qb7 15.Rfd1 Rac8
16.h3 a6 17.a4 d6 18.Qe3 h6 19.Ba3 Bf8 20.Qf4 Nh5 21.Qh4 Nf6 22.Qf4 Qc7 23.e4 Qc6
24.Kh2 Nd7 25.Bxd6 g5 26.Qd2 Nc5  0-1

[Event "43rd Capablanca Memorial Open"]
[Site "Havana CUB"]
[Date "2008.05.17"]
[Round "10"]
[White "Alvarez Pedraza,A"]
[Black "Pozo Vera,S"]
[Result "1/2-1/2"]
[WhiteElo "2420"]
[BlackElo "2451"]

1.Nf3 Nf6 2.g3 e6 3.Bg2 b6 4.O-O Bb7 5.c4 c5 6.b3 Be7 7.Bb2 O-O 8.d4 cxd4
9.Qxd4 d6 10.Nc3 a6  1/2-1/2

[Event "11th North American FIDE Inv"]
[Site "Chicago USA"]
[Date "2008.05.20"]
[Round "6"]
[White "Bartell,T"]
[Black "Loncarevic,R"]
[Result "1-0"]
[WhiteElo "2365"]
[BlackElo "2095"]

1.Nf3 Nf6 2.c4 b6 3.g3 c5 4.Bg2 Bb7 5.O-O e6 6.Nc3 a6 7.Re1 d6 8.e4 Nbd7
9.b3 Qc7 10.Bb2 Be7 11.d4 cxd4 12.Nxd4 O-O 13.Rc1 Rac8 14.h3 Rfe8 15.g4 h6
16.Nde2 Qb8 17.Ng3 Bf8 18.Qe2 Nc5 19.f4 Nh7 20.Nf1 Rcd8 21.b4 Nd7 22.a3 Rc8
23.Nd2 Be7 24.Nf3 d5 25.cxd5 exd5 26.e5 Ndf8 27.Qd2 Rcd8 28.Ne2 Ng6 29.Ned4 Nh4
30.Nxh4 Bxh4 31.Re3 Nf8 32.Nf5 Ng6 33.Rd3 Nxf4 34.Qxf4 Bg5 35.Qf1 Bxc1 36.Qxc1 Re6
37.Nd6 Rdxd6 38.exd6 Qxd6 39.Qc3 f6 40.Qd2 b5 41.Bd4 Kh8 42.Bf2 Qd7 43.Bxd5 Rd6
44.Be4 Rxd3 45.Qxd3 Qc7 46.Bxb7 Qxb7 47.Bc5 Qc7 48.Kg2 Qc6+ 49.Qf3 Qe6 50.Bf2 Qc8
51.Qe4 Qd8 52.Qc6 Qd3 53.Qxa6 Qd5+ 54.Kg1 Qd1+ 55.Kh2 Qd2 56.Qc8+ Kh7 57.Qf5+ g6
58.Qxf6 g5 59.Qf5+ Kg7 60.Kg2 Qb2 61.Qxb5 Qxa3 62.Qb7+ Kf6 63.Qc6+ Ke5 64.b5 h5
65.gxh5 g4 66.hxg4 Qf3+  1-0

[Event "ch-LTU"]
[Site "Kaunas LTU"]
[Date "2008.05.21"]
[Round "6"]
[White "Butnorius,A"]
[Black "Sulskis,S"]
[Result "1/2-1/2"]
[WhiteElo "2442"]
[BlackElo "2555"]

1.Nf3 c5 2.c4 Nf6 3.g3 b6 4.Bg2 Bb7 5.O-O e6 6.Nc3 Be7 7.d4 cxd4 8.Qxd4 O-O
9.Rd1 Nc6 10.Qf4 Qb8 11.Qxb8 Raxb8 12.Bf4 Rbc8 13.Bd6 Bxd6 14.Rxd6 Rfd8 15.Rad1 Kf8
16.b3 Ke7 17.Ne5  1/2-1/2

[Event "XXVII Open"]
[Site "Zalakarosi HUN"]
[Date "2008.05.23"]
[Round "2"]
[White "Berczes,C"]
[Black "Bacso,G"]
[Result "1-0"]
[WhiteElo "2409"]
[BlackElo "2125"]

1.Nf3 c5 2.g3 b6 3.Bg2 Bb7 4.O-O e6 5.c4 Nf6 6.b3 Be7 7.Bb2 O-O 8.Qc2 g6
9.Nc3 d6 10.d4 cxd4 11.Nxd4 Bxg2 12.Kxg2 Qc8 13.Rad1 a6 14.e4 Nc6 15.Qb1 Qb7
16.Rd2 Rfd8 17.Rfd1 Nxd4 18.Rxd4 b5 19.cxb5 axb5 20.Rb4 d5 21.Rxb5 Qc6 22.a4 d4
23.Ne2 Nxe4 24.f3 Nc3 25.Qc2 Rac8 26.Nxd4 Rxd4 27.Rxd4 Nxb5 28.Rc4 Qxc4 29.bxc4 Nd6
30.c5 Nf5 31.Qc3 f6 32.Ba3 e5 33.a5 Nd4 34.a6 Kg7 35.Qb2  1-0

[Event "TCh-BIH"]
[Site "Neum BIH"]
[Date "2008.06.06"]
[Round "3"]
[White "Vukic,M"]
[Black "Pikula,D"]
[Result "1/2-1/2"]
[WhiteElo "2474"]
[BlackElo "2530"]

1.Nf3 Nf6 2.g3 b6 3.Bg2 Bb7 4.O-O c5 5.c4 e6 6.Nc3 Be7 7.b3 O-O 8.Bb2 d6
9.d4 cxd4 10.Nxd4 Bxg2 11.Kxg2 a6 12.e3 Qc7 13.f4 Nc6 14.Nxc6 Qxc6+ 15.Qf3 Rac8
16.Qxc6 Rxc6 17.Kf3 Rb8 18.g4 Nd7 19.Rac1 Kf8 20.Ne2 Rd8 21.Rfd1 Bf6 22.Ba3 Be7
23.g5 Nc5 24.Rc2 Rc7 25.Bb4 Ke8 26.a4  1/2-1/2

[Event "XXX Nezhmetdinov Mem"]
[Site "Kazan RUS"]
[Date "2008.06.09"]
[Round "9"]
[White "Kupreichik,V"]
[Black "Azarov,S"]
[Result "1/2-1/2"]
[WhiteElo "2414"]
[BlackElo "2585"]

1.c4 Nf6 2.Nf3 b6 3.g3 c5 4.Bg2 Bb7 5.O-O e6 6.Nc3 Be7 7.d4 cxd4 8.Nxd4 Bxg2
9.Kxg2 Qc8 10.Qa4 Qb7+ 11.f3 O-O 12.Rd1 Rc8 13.Bg5 a6 14.Ne4 Nxe4 15.Bxe7 d6
16.fxe4 Qxe7 17.Nb5 d5 18.cxd5 exd5 19.Rxd5 axb5 20.Qxa8 Qxe4+ 21.Kg1 Re8
22.Rad1 Qe3+ 23.Kh1 Qe4+ 24.Kg1  1/2-1/2

[Event "115th ch-SCO"]
[Site "Glasgow SCO"]
[Date "2008.06.11"]
[Round "7"]
[White "McClement,A"]
[Black "Grant,J"]
[Result "1/2-1/2"]
[WhiteElo "1764"]
[BlackElo "2272"]

1.Nf3 Nf6 2.c4 c5 3.g3 b6 4.Bg2 Bb7 5.O-O e6 6.Nc3 a6 7.d4 cxd4 8.Qxd4 d6
9.Bg5 Nbd7 10.e4 Qc7 11.h3 Rc8 12.Nd2 Be7 13.Ne2 O-O 14.Rac1 Nc5 15.b4 h6
16.Bxf6 Bxf6 17.Qe3 Nd7 18.Rfd1 Be7 19.a3 Qb8 20.Nd4 Qa8 21.f4 Rfe8 22.Re1 Bf8
23.Qd3 g6 24.Re2 e5 25.Nc2 exf4 26.gxf4 Nf6 27.Rce1 Nh5 28.Rf2 b5 29.cxb5 axb5
30.Nd4 Bg7 31.f5 Be5 32.fxg6 fxg6 33.Ref1 Qa7 34.Nxb5 Qb6 35.a4 Nf4 36.Qb3+ d5
37.Kh1 Rf8 38.exd5 Nxg2 39.Rxf8+ Rxf8 40.Rxf8+ Kxf8 41.Kxg2 Qd8 42.Nf3 Bxd5
43.Qd3 Qg5+ 44.Kf1 Qc1+ 45.Kf2 Qb2+ 46.Qd2 Bc6 47.Qxb2 Bxb2 48.Nfd4 Bxd4+
49.Nxd4 Bxa4 50.Ke3 Bd7 51.h4 Ke7 52.Ke4 Kd6 53.b5 Bc8 54.Nc6 Bf5+ 55.Kf4 Kc5
56.Ne7 Bd3 57.Ke5 g5 58.hxg5 hxg5 59.Nd5 Kxb5 60.Nc3+ Kc4 61.Ne4 g4 62.Kf4 Be2
63.Nf6 Kd4 64.Nxg4 Bxg4 65.Kxg4 Ke5  1/2-1/2

[Event "IM"]
[Site "Danang VIE"]
[Date "2008.06.15"]
[Round "7"]
[White "Nguyen Thien Viet"]
[Black "Nguyen Van Huy"]
[Result "1/2-1/2"]
[WhiteElo "2321"]
[BlackElo "2369"]

1.c4 c5 2.Nf3 b6 3.g3 Bb7 4.Bg2 e6 5.O-O Nf6 6.b3 Be7 7.Bb2 O-O 8.d3 d6 9.Nbd2 Nbd7
10.Qc2 Rc8 11.Rad1 Rc7 12.e3 Qa8 13.Ne1 a6 14.Qb1 b5 15.Bxb7 Qxb7  1/2-1/2

[Event "IM"]
[Site "Danang VIE"]
[Date "2008.06.16"]
[Round "8"]
[White "Wynn Zaw Htun"]
[Black "Nguyen Thien Viet"]
[Result "1-0"]
[WhiteElo "2542"]
[BlackElo "2321"]

1.Nf3 Nf6 2.g3 b6 3.Bg2 Bb7 4.O-O e6 5.c4 c5 6.Nc3 Be7 7.d4 cxd4 8.Qxd4 O-O
9.Bf4 d6 10.Qd2 Qc8 11.Rad1 Qxc4 12.Bxd6 Rd8 13.Qd4 Qa6 14.Qf4 Bxd6 15.Rxd6 Rxd6
16.Qxd6 Nbd7 17.Rd1 h6 18.Rd4 Nc5 19.Qe7 Bxf3 20.Bxf3 Re8 21.Rd8 Rxd8 22.Qxd8+ Kh7
23.Qf8 Kg6 24.h4 h5 25.Qd6 Qc4 26.Kg2 Qb4 27.Qd2 a5 28.a3 Qb3 29.e4 Kh7 30.e5 Ng4
31.Bd1 Qc4 32.b3 Qa6 33.b4 axb4 34.axb4 Qb7+ 35.Bf3 Qd7 36.Qc2+ Nd3 37.Be4+ g6
38.Qxd3  1-0

[Event "8th TCh-Euro U18 Girls"]
[Site "Szeged HUN"]
[Date "2008.06.16"]
[Round "3"]
[White "Toth,Sar"]
[Black "Misovic,S"]
[Result "1-0"]
[WhiteElo "2163"]
[BlackElo "1892"]

1.c4 Nf6 2.Nf3 e6 3.g3 b6 4.Bg2 Bb7 5.O-O c5 6.Nc3 Be7 7.Re1 Ne4 8.Nxe4 Bxe4
9.d3 Bb7 10.e4 d6 11.d4 cxd4 12.Nxd4 a6 13.Qg4 Nd7 14.b3 O-O 15.Bb2 Bf6 16.Rad1 Qc7
17.Qe2 Nc5 18.Qg4 Kh8 19.f4 Rad8 20.Kh1 Qb8 21.Qe2 Qa8 22.g4 Bh4 23.g5 Bxe1
24.Rxe1 f5 25.Qh5 Rd7 26.g6 h6 27.Nxe6 Rf6 28.Bxf6 gxf6 29.Nxc5 dxc5 30.Qxf5 Rd6
31.g7+ Kxg7 32.Bf3 Qe8 33.Rg1+ Kh8 34.Rg6 Qf8 35.Kg1 Bc8 36.Qh5 Kh7 37.Rg2 Qe7
38.Qg6+  1-0

[Event "Serbia Cup"]
[Site "Zlatibor SRB"]
[Date "2008.06.18"]
[Round "3"]
[White "Bogosavljevic,B"]
[Black "Damljanovic,B"]
[Result "1-0"]
[WhiteElo "2492"]
[BlackElo "2595"]

1.Nf3 c5 2.c4 Nf6 3.g3 b6 4.Bg2 Bb7 5.O-O e6 6.Nc3 Be7 7.d4 cxd4 8.Qxd4 d6
9.b3 O-O 10.Bb2 Nbd7 11.e4 a6 12.Rfe1 Qc7 13.Rad1 Rad8 14.h3 Rfe8 15.Qe3 Bf8
16.e5 dxe5 17.Nxe5 Bc5 18.Qe2 Bxg2 19.Kxg2 Nxe5 20.Qxe5 Qc6+ 21.f3 Bd6 22.Qg5 h6
23.Qh4 Be7 24.Rxd8 Rxd8 25.Rd1 Rd7 26.Qf4 b5 27.cxb5 axb5 28.Qb8+ Kh7 29.Rxd7 Qxd7
30.Qxb5 Qd4 31.Qc4 Qd7 32.a4 Bb4 33.Ne4 Nd5 34.Qd4 f6 35.Nc3 Bxc3 36.Bxc3 Kg8
37.Be1 e5 38.Qc4 Qe6 39.Bf2 f5 40.a5 e4 41.fxe4 fxe4 42.a6  1-0

[Event "White Nights Open"]
[Site "St Petersburg RUS"]
[Date "2008.06.23"]
[Round "3"]
[White "Usmanov,V"]
[Black "Gusev,B"]
[Result "1/2-1/2"]
[WhiteElo "2051"]
[BlackElo "1798"]

1.Nf3 Nf6 2.g3 b6 3.Bg2 Bb7 4.O-O c5 5.c4 e6 6.Nc3 Be7 7.d4 cxd4 8.Nxd4 Bxg2
9.Kxg2 O-O 10.e4 Nc6 11.Be3 Bb4 12.Nxc6 dxc6 13.Qf3 Qc7 14.Rad1 Rfd8 15.Rxd8+ Rxd8
16.Bf4 e5 17.Bg5 Qe7 18.Bxf6 Qxf6 19.Qxf6 gxf6 20.Rd1 Rd4 21.Rxd4 exd4 22.Nd1 Kf8
23.Kf3 Ke7 24.Ke2 Bd6 25.f4 f5 26.exf5 Kf6 27.Kd3 Kxf5 28.Kxd4 Kg4 29.Nf2+ Kf3
30.Ne4 Be7 31.Ng5+ Kg2 32.Nxf7 Kxh2 33.Ke5 Kxg3 34.f5 h5 35.f6 Bf8 36.Ng5 h4
37.f7 h3 38.Nxh3 Kxh3 39.Ke6 b5 40.Kd7 Kg4 41.Ke8 Bg7 42.f8=Q Bxf8 43.Kxf8 Kf5
44.Ke7 Ke5 45.Kd7 Kd4 46.cxb5 cxb5 47.Kc6 Kc4 48.Kb7 a5 49.Kb6  1/2-1/2

[Event "22th Open"]
[Site "Pula CRO"]
[Date "2008.06.24"]
[Round "4"]
[White "Saric,Ib"]
[Black "Macak,S"]
[Result "1-0"]
[WhiteElo "2548"]
[BlackElo "2342"]

1.Nf3 Nf6 2.c4 c5 3.g3 b6 4.Bg2 Bb7 5.O-O e6 6.Nc3 Be7 7.Re1 Ne4 8.d4 O-O
9.d5 Nxc3 10.bxc3 exd5 11.cxd5 d6 12.c4 f5 13.Rb1 Nd7 14.e4 fxe4 15.Rxe4 Bc8
16.Qe2 Ne5 17.Nxe5 dxe5 18.Rxe5 Bd6 19.Re3 Bf5 20.Be4 Qd7 21.Bb2 Bg4 22.Qc2 h6
23.Rbe1 b5 24.cxb5 Qxb5 25.Bh7+ Kh8 26.Bd3 Qd7 27.Re6 Bxe6 28.Rxe6 Rfe8 29.Bb5 Qxe6
30.dxe6 Rxe6 31.Qf5 Re1+ 32.Kg2 Rf8 33.Qg6 Be5 34.Bd3 Kg8 35.Qe6+  1-0

[Event "White Nights Open"]
[Site "St Petersburg RUS"]
[Date "2008.06.25"]
[Round "5"]
[White "Khuseinkhodzhaev,M"]
[Black "Orlov,O2"]
[Result "1-0"]
[WhiteElo "2397"]
[BlackElo "2285"]

1.Nf3 c5 2.c4 Nf6 3.g3 b6 4.Bg2 Bb7 5.O-O e6 6.b3 Be7 7.Bb2 O-O 8.d3 d5 9.cxd5 exd5
10.d4 Nc6 11.Nc3 Ne4 12.dxc5 Bf6 13.Qc1 Nxc5 14.Rd1 Nb4 15.Nd4 Rc8 16.Bh3 Rb8
17.Ncb5 a6 18.Ba3 Nbd3 19.exd3 axb5 20.Bxc5 bxc5 21.Qxc5 Bc8 22.Bxc8 Rxc8
23.Nc6 Qd7 24.Rac1 b4 25.d4 h5 26.Qb6 Qd6 27.Qb5 h4 28.Rc5 Rfe8 29.Nxb4 hxg3
30.hxg3 Bxd4 31.Rxd4 Re1+ 32.Kg2 Rxc5 33.Qb7 Qe6 34.Nd3 Rcc1 35.Nxc1 Rxc1
36.Qxd5 Qa6 37.Qd8+ Kh7 38.Qh4+ Kg6 39.Rg4+ Kf5 40.Qg5+ Ke6 41.Re4+ Kd7 42.Qxc1 Qxa2
43.Qd1+ Kc7 44.Rc4+ Kb6 45.Qd6+ Kb5 46.Rb4+ Ka5 47.Qb6+  1-0

[Event "TCh-TUR"]
[Site "Kocaeli TUR"]
[Date "2008.06.27"]
[Round "7"]
[White "Sengul,C"]
[Black "Kinsiz,O"]
[Result "0-1"]
[WhiteElo "2146"]
[BlackElo "2219"]

1.Nf3 Nf6 2.c4 e6 3.g3 b6 4.Bg2 Bb7 5.O-O c5 6.b3 Be7 7.Bb2 O-O 8.Nc3 d5
9.cxd5 Nxd5 10.Nxd5 Bxd5 11.Rc1 Bf6 12.Qc2 Nc6 13.d3 e5 14.Nd2 Bxg2 15.Kxg2 Bg5
16.Rcd1 Bxd2 17.Qxd2 Qd6 18.f4 Rfe8 19.fxe5 Nxe5 20.Bxe5 Rxe5 21.e4 Rd8 22.Qe3 Qe7
23.Rde1 Rd4 24.Rf3 h6 25.Qf2 a5 26.Ree3 Qe6 27.Rf5 a4 28.Rxe5 Qxe5 29.bxa4 Rxa4
30.Re2 Qe6 31.Rc2 Ra3 32.Rd2 Ra4 33.Rc2 Rd4 34.Rc3 Rb4 35.Rc2 Rd4 36.Rc3 Qd6
37.Qf5 g6 38.Qf3 b5 39.Qf4 Rxd3 40.Qxd6 Rxd6 41.Rxc5 Rd2+ 42.Kf3 Rxh2 43.Rxb5 Rxa2
44.Rb6 Ra1 45.Rc6 Kg7 46.Rb6 h5 47.Rc6 Re1 48.Rb6 g5 49.Rc6 f6 50.Rc7+ Kg6
51.Rc4 Rf1+ 52.Kg2 Rb1 53.Kf3 Rb3+ 54.Kf2 Rb2+ 55.Kf3 g4+ 56.Ke3 Rg2 57.Rc8 Rxg3+
58.Kd4 Ra3 59.Rg8+ Kf7 60.Rh8 Ra5 61.Ke3 Kg7 62.Rb8 Ra3+ 63.Kd4 g3 64.e5 fxe5+
65.Kxe5 h4 66.Rb4 h3 67.Rg4+ Kf7 68.Rf4+ Ke7 69.Rh4 Ra5+ 70.Kf4 Ra4+  0-1

[Event "International Open"]
[Site "Philadelphia USA"]
[Date "2008.06.28"]
[Round "5"]
[White "Mulyar,M"]
[Black "Kunte,A"]
[Result "1/2-1/2"]
[WhiteElo "2381"]
[BlackElo "2547"]

1.c4 Nf6 2.Nf3 e6 3.g3 b6 4.Bg2 Bb7 5.O-O c5 6.Nc3 Be7 7.Re1 d6 8.e4 a6 9.d4 cxd4
10.Nxd4 Qc7 11.Be3 Nbd7 12.f4 h5 13.h3 O-O 14.Rc1 Rfe8 15.f5 Bf8 16.fxe6 fxe6
17.b3 Rac8 18.Kh1 Ne5 19.Bg5 Nh7 20.Bf4 g6 21.Qd2 Bg7 22.Na4 Rb8 23.Nf3 Bc6
24.Nc3 Rbd8 25.Nb5 Qb8 26.Nbd4 Ba8 27.Bh6 Qc7 28.Bxg7 Qxg7 29.Rcd1 Nf7 30.Nc2 g5
31.Qe3 Rb8 32.Nb4 Bb7 33.Nd3 b5  1/2-1/2

[Event "XII Izmailov Mem"]
[Site "Tomsk RUS"]
[Date "2008.06.30"]
[Round "6"]
[White "Krivonos,N"]
[Black "Obolenskikh,D"]
[Result "0-1"]
[WhiteElo "2303"]
[BlackElo "2446"]

1.c4 Nf6 2.g3 e6 3.Nf3 b6 4.Bg2 Bb7 5.O-O c5 6.d4 cxd4 7.Nxd4 Bxg2 8.Kxg2 Be7
9.Nc3 O-O 10.e4 d6 11.Be3 Qc8 12.Rc1 a6 13.f3 Nbd7 14.Qe2 Qb7 15.Rfd1 Rfe8
16.Qf2 Bf8 17.b3 Rac8 18.Nde2 Rc6 19.Bf4 Rec8 20.a4 h6 21.Rc2 Ne5 22.Rcd2 Be7
23.Nc1 Nfd7 24.h3 Qc7 25.Be3 Nc5 26.Nd5 exd5 27.exd5 Nxb3 28.Nxb3 Rxc4 29.Bxb6 Qd7
30.a5 Rc3 31.Nd4 Qb7 32.Qe2 Bg5 33.f4 Qxd5+ 34.Kh2 Nc4 35.fxg5 Nxd2 36.Rxd2 Qxg5
37.Rd3 Qg6 38.Rxc3 Rxc3 39.Qg2 Qd3 40.h4 h5  0-1

[Event "XXVIII Open"]
[Site "Benasque ESP"]
[Date "2008.07.04"]
[Round "2"]
[White "Burmakin,V"]
[Black "Farrell,N"]
[Result "1-0"]
[WhiteElo "2625"]
[BlackElo "2216"]

1.Nf3 Nf6 2.c4 c5 3.g3 b6 4.Bg2 Bb7 5.O-O e6 6.Nc3 Be7 7.b3 d6 8.d4 cxd4
9.Qxd4 O-O 10.Ba3 a6 11.Rfd1 Ne8 12.Ne4 Nc6 13.Qd2 Qc7 14.Rac1 Rd8 15.Qe3 b5
16.cxb5 axb5 17.Nd4 Qa5 18.b4 Nxb4 19.Bxb4 Qxb4 20.Rb1 Qc4 21.Rdc1 Qa4 22.Nc3 Qa8
23.Bxb7 Qxb7 24.Ncxb5 Qa8 25.Nc6 Rd7 26.Qb3 Bd8 27.a4 Bb6 28.e3 Bc5 29.Ne5 dxe5
30.Rxc5 Nf6 31.Nc3 Qf3 32.Qc2 Rfd8 33.Qe2 e4 34.Qxf3 exf3 35.h3 h5 36.a5 Nd5
37.Nxd5 Rxd5 38.Rxd5 Rxd5 39.Ra1 Rd7 40.a6 Ra7 41.Kf1 Kf8 42.Ke1 Ke7 43.Kd2 Kd6
44.Kd3 Kc6 45.Ke4 Kb6 46.Kxf3 Rxa6 47.Rxa6+ Kxa6 48.Kf4 f6 49.g4 g5+ 50.Kf3 h4
51.Ke4 Kb6 52.f4 gxf4 53.exf4 Kc6 54.g5 fxg5 55.fxg5 Kd6 56.Kf4 e5+ 57.Ke4  1-0

[Event "Sparkassen Open"]
[Site "Dortmund GER"]
[Date "2008.07.06"]
[Round "9"]
[White "Hoppe,U"]
[Black "Richter,Go"]
[Result "1-0"]
[WhiteElo "2059"]
[BlackElo "2073"]

1.Nf3 c5 2.c4 Nf6 3.g3 b6 4.Bg2 Bb7 5.O-O e6 6.b3 Be7 7.Bb2 O-O 8.d4 cxd4
9.Qxd4 Qc7 10.Nc3 a6 11.Na4 b5 12.cxb5 axb5 13.Qc3 Rc8 14.Qxc7 Rxc7 15.Nc3 b4
16.Na4 Bc6 17.Rfc1 Rb7 18.Ne5 Ra6 19.Nxc6 Nxc6 20.Rc2 Rb5 21.e3 Rb8 22.Rac1 Na7
23.Bd4 Nb5 24.Rc8+ Rxc8 25.Rxc8+ Bf8 26.Bf1 Nxd4 27.Bxa6 Nf3+ 28.Kg2 Ne5
29.h3 h5 30.f4 Ng6 31.Kf3 Ne7 32.Rb8 h4 33.g4 e5 34.Rxb4 exf4 35.exf4 g5
36.Bb7 gxf4 37.Rxf4 Nh7 38.Rc4 Ng6 39.Rc8 Ng5+ 40.Ke3 Nxh3 41.Be4 Ne5 42.Bf5 Kg7
43.Nc3 Be7 44.Ne4 d5 45.g5 Ng1 46.Nf6 Bxf6 47.gxf6+ Kxf6 48.Rg8 Ngf3 49.Kf4 Nd4
50.Bc8 Ndc6 51.Bb7 Ng6+ 52.Ke3 d4+ 53.Kd2 Nge5 54.Bxc6 Nxc6 55.a4 Kf5 56.Rc8 Ne5
57.a5 Ke4 58.Re8  1-0

[Event "XXVIII Open"]
[Site "Benasque ESP"]
[Date "2008.07.08"]
[Round "6"]
[White "Roeder,M"]
[Black "Spraggett,K"]
[Result "1/2-1/2"]
[WhiteElo "2451"]
[BlackElo "2601"]

1.Nf3 Nf6 2.c4 c5 3.g3 b6 4.Bg2 Bb7 5.O-O e6 6.b3 d5 7.e3 Be7 8.Bb2 O-O 9.Qe2 dxc4
10.bxc4 Nc6 11.Rd1 Qc7 12.Nc3 a6 13.Rab1 Rab8 14.Ba1 Na5 15.h3 Nd7 16.d3 Rfe8
17.Qf1 Bc6 18.Nd2 Bxg2 19.Qxg2 Nc6 20.f4 Na7 21.a4 Nc6 22.Nf3 Rbd8 23.g4 Nb4
24.g5 f5 25.gxf6 Bxf6 26.Ng5 Re7 27.Nge4 Rf8 28.Kh1 Kh8 29.Nxf6 Nxf6 30.Ne4 Nxe4
31.Qxe4 Qd8  1/2-1/2

[Event "ch-NOR Elite"]
[Site "Tonsberg NOR"]
[Date "2008.07.08"]
[Round "4"]
[White "Hole,O"]
[Black "Ekeberg,C"]
[Result "1-0"]
[WhiteElo "2387"]
[BlackElo "2349"]

1.Nf3 Nf6 2.c4 b6 3.g3 c5 4.Bg2 Bb7 5.O-O e6 6.Nc3 Be7 7.Re1 d5 8.cxd5 Nxd5
9.e4 Nb4 10.d4 cxd4 11.Nxd4 N8c6 12.Nxc6 Qxd1 13.Rxd1 Bxc6 14.a3 Nc2 15.Ra2 Rd8
16.Rxd8+ Bxd8 17.b4 Ne1 18.Bh1 Nd3 19.Be3 Ne5 20.f4 Ng4 21.Bd4 f6 22.Bf3 Nh6
23.a4 a5 24.bxa5 bxa5 25.Nb5 Be7 26.Bb6 Bb4 27.Rc2 Bd7 28.Rc7 e5 29.Rb7 Ke7
30.Na7 Kd6 31.Bc7+ Ke6 32.Be2 Ra8 33.Bc4+ Ke7 34.Bb6 Ke8 35.Kg2 g5 36.fxg5 fxg5
37.Bd5  1-0